Affrontez l'Alphabet #33 (spécial villes du Monde) - Statistiques

Statistiques générales
  • Ce quiz a été pris 37 fois
  • Le résultat moyen est 7 sur 11
Statistiques - réponses
Hint Réponse % Correct
Donne les 2 lettres manquantes dans le nom de cette ville du Monde en photo : _ _ NNIPEG
WI
100%
Donne les 2 lettres manquantes dans le nom de cette ville du Monde en photo : _ _GREB
ZA
88%
Donne les 2 lettres manquantes dans le nom de cette ville du Monde en photo : AU_KLA_D
CN
79%
Donne les 2 lettres manquantes dans le nom de cette ville du Monde en photo : _EO_L
SU
75%
Donne les 2 lettres manquantes dans le nom de cette ville du Monde en photo : KA_AC_I
RH
67%
Donne les 2 lettres manquantes dans le nom de cette ville du Monde en photo : A_ID_AN
BJ
63%
Donne les 2 lettres manquantes dans le nom de cette ville du Monde en photo : QUI_ _
TO
58%
Donne les 2 lettres manquantes dans le nom de cette ville du Monde en photo : _A_OS
LG
42%
Donne les 2 lettres manquantes dans le nom de cette ville du Monde en photo : _A_AR
DK
29%
Dernière Question : Donne la lettre manquante dans le nom de cette ville du Monde en photo : SU_A
V
25%
Donne les 2 lettres manquantes dans le nom de cette ville du Monde en photo : GUA_A_UIL
YQ
25%
Aucun quiz correspondant
Distribution des résultats
% des personnes avec chaque résultat
Percentile par nombre de réponses
Votre historique - résultats
Vous n’avez pas pris ce quiz